| 000 | 00667nam a2200181Ia 4500 | ||
|---|---|---|---|
| 008 | 090123s9999 xx 000 0 und d | ||
| 082 |
_b36841 _a891.463/महाजन |
||
| 100 | _aमहाजन भास्कर | ||
| 245 | _aमेवाडचा महाराणा सांगा | ||
| 250 | _a1 | ||
| 260 |
_bपार्टनर पब्लिकेशन _c2004 |
||
| 300 | _a176 | ||
| 600 | _aमहाजन भास्कर | ||
| 630 | _aमेवाडचा महाराणा सांगा | ||
| 700 | _aमहाजन भास्कर | ||
| 730 | _aमेवाडचा महाराणा सांगा | ||
| 942 | _cBOOK | ||
| 999 |
_c74907 _d74907 |
||